Guatemala: elecciones 1990 II

محفوظ في:
التفاصيل البيبلوغرافية
مؤلف مشترك: Cámara de la Libre Empresa de Guatemala
التنسيق: نص
منشور في: s.l: s.e
الوسوم: إضافة وسم
لا توجد وسوم, كن أول من يضع وسما على هذه التسجيلة!

MARC

LEADER 00000 a a2200000 04500
001 23937
003
040
090 |a 169200  
110 |a Cámara de la Libre Empresa de Guatemala  
245 |a Guatemala: elecciones 1990 II  
260 |a s.l:   |b s.e  
300 |a 60 p  
999 |c 10217  |d 10217